| 000 | 00455nam a2200157 a 4500 | ||
|---|---|---|---|
| 001 | 3508 | ||
| 003 | CDMR | ||
| 005 | 20130920090749.0 | ||
| 008 | 130130s1971||||||||||||||||||||||||||||d | ||
| 040 |
_aCDMR _bcat _cCPC GIRONA |
||
| 100 | 1 |
_aRodríguez Méndez, José María _9277 |
|
| 245 | 1 | 4 |
_aLos Teleadictos _b: la sociedad televisual _cJosé M. Rodríguez Méndez |
| 260 |
_c1971 _bEstela _aBarcelona |
||
| 650 | 0 | 4 |
_91780 _aTelevisió _zEspanya |
| 942 |
_cMON _2udc |
||
| 999 |
_c3508 _d3508 |
||